LEADER 01508nam a2200337 a 4500 001 000000133982 003 CaOOAMICUS 005 20130523110345.0 008 130523s2012 ne u000 u eng r 020 $a978-90-04-22532-9 040 $aPUL$bita 082 04$a180 245 00$aTheoria, praxis, and the contemplative life after Plato and Aristotle /$cedited by Thomas Bénatouïl, Mauro Bonazzi. 260 $aLeiden ;$aBoston :$bBrill,$c2012. 300 $aVIII, 295 p. ;$c25 cm 490 1 $aPhilosophia antiqua ;$v131 500 $aConvegmo di studi tenuto nel maggio 2009 a Gargnano. 504 $aContiene indicazioni bibliografiche (p. [259]-274) e indice. 650 4$aFilosofia greca$xStudi.$0(OLS)http://pul/subject/30634 650 4$aPlatonismo.$0(OLS)http://pul/subject/18759 700 1 $aBonazzi, Mauro.$0(OLS)http://pul/name/67216 700 1 $aBénatouïl, Thomas.$0(OLS)http://pul/name/86339 830 0$aPhilosophia antiqua ;$v131.$0(OLS)http://pul/title/2231 850 $aPUL 852 $aPUL$W1$xSL Filosofia 3$y81$m180 COLL 3.131$j154051$qDDC 21$B153602$CPULBib$Z2$F153602 $H122473 $82 941 1 $a9 996 $6020$a978-90-04-22532-9$9(OLS)http://pul/number/152760 996 $6082$a180$9(OLS)http://pul/classification/366 996 $6245$aTheoria, praxis, and the contemplative life after Plato and Aristotle$9(OLS)http://pul/title/169379 996 $6260$aLeiden ;$aBoston :$bBrill$9(OLS)http://pul/publisher/68781 LEADER 01198nam a2200289 a 4500 001 000000148843 003 CaOOAMICUS 005 20160126161621.0 008 160126s1998 it a u000 u ita r 020 $a88-7263-128-9* 032 $aLibriCat 040 $aPUL$bita 100 1 $aGherardini, Brunero,$csac.,$d1925-2017.$0(OLS)http://pul/name/4228 245 13$aLa Corredentrice nel mistero di Cristo e della Chiesa / $cBrunero Gherardini. 260 $aRoma :$bVivere In,$c1998. 300 $a408 p. :$bill. ;$c21 cm. 490 1 $aIntellectus fidei ;$v09 504 $aContiene indicazioni bibliografiche. 600 04$aIesus Christus$xMisteri.$0(OLS)http://pul/subject/28434 830 0$aIntellectus Fidei (Vivere in) ;$v09.$0(OLS)http://pul/title/81067 850 $aPUL 852 $aPUL$W1$xDP1 Fondo Bordoni$y120$m3 F 41$j166609$qFondi$B173015$CPULBib$Z2$F173015 $HBor348 $81 941 1 $a1 996 $6020$a88-7263-128-9*$9(OLS)http://pul/number/159399 996 $6245$aLa Corredentrice nel mistero di Cristo e della Chiesa / $9(OLS)http://pul/title/187680 996 $6260$aRoma :$bVivere In$9(OLS)http://pul/publisher/51484